La mañana comienza con una sonrisa : la experiencia de nuestros amigos (Record no. 72422)

MARC details
000 -CABECERA
campo de control de longitud fija 00586nam a2200217 a 4500
005 - FECHA Y HORA DE LA ÚLTIMA TRANSACCIÓN
campo de control 20210219153248.0
008 - ELEMENTOS DE LONGITUD FIJA--INFORMACIÓN GENERAL
campo de control de longitud fija 991125n 000 0 spa u
035 ## - NÚMERO DE CONTROL DEL SISTEMA
Número de control de sistema UPN01000086779
100 ## - ASIENTO PRINCIPAL--NOMBRE PERSONAL
Nombre de persona MIAGCHENKOV, S.
222 ## - TÍTULO CLAVE
Título clave EDUCACION (CUBA)
245 ## - MENCIÓN DE TÍTULO
Título La mañana comienza con una sonrisa : la experiencia de nuestros amigos
300 ## - DESCRIPCIÓN FÍSICA
Extensión 75-78
362 ## - FECHAS DE PUBLICACIÓN Y/O DESIGNACIÓN SECUENCIAL
Fecha de publicación y/o designación secuencial 1980 Año 10, no. 37, abr.-jun.
653 0# - TERMINO DE INDIZACION - NO CONTROLADO
Término no controlado CONDUCTA
653 0# - TERMINO DE INDIZACION - NO CONTROLADO
Término no controlado EDUCACION PRIMARIA
653 0# - TERMINO DE INDIZACION - NO CONTROLADO
Término no controlado ETICA
653 0# - TERMINO DE INDIZACION - NO CONTROLADO
Término no controlado RELACIONES HUMANAS
653 0# - TERMINO DE INDIZACION - NO CONTROLADO
Término no controlado URBANIDAD
904 ## - ELEMENTOS DE DATOS D LOCAL, LDD (RLIN)
a AC
b 024590
905 ## - TIPO DE MATERIAL
Tipo de material Articulo

No items available.